NCIS: LA Characters (clickable) Quiz Stats

Quiz not verified by Sporcle

Challenge
Share
Tweet
Embed
Score 0/10 Timer 05:00
1 Play Today
% Correct
Sam Hanna
96.6%
Marty Deeks
95%
Kensi Blye
94.4%
G. Callen
94.3%
Dominic Vail
92.4%
Henrietta 'Hetty' Lange
90.9%
Owen Granger
89%
Nate Getz
88.7%
Nell Jones
84.8%
Eric Beale
60%

You're not logged in!

Compare scores with friends on all Sporcle quizzes.
Sign Up with Email
OR
Log In

You Might Also Like...

Show Comments

Extras

Top Quizzes Today


Score Distribution

Your Account Isn't Verified!

In order to create a playlist on Sporcle, you need to verify the email address you used during registration. Go to your Sporcle Settings to finish the process.